1639 1865 1627 1863 1804 1591 1399 1861 1017 1938 1036 1759 1119 1571 1701 1913 1312 1617 1471 1792 1886 1313 1216 1772 1393 1547 1308 1922 1058 1106 1093 1098 1796 1345 1195 1541 1519 1366 1029 1969 1848 1853 1822 1584 1265 1638 1709 1765 1453 1772 1246 1730 1167 1500 1234 1619 1984 1238 1244 1684 1513 1869 1058 1727 1743 1160 1811 1754 1987 1175 1722 1303 1265 1510 1365 1019 1516 1100 1522 1086 1325 1253 1136 1114 1260 1343 1082 1687 1187 1857 1390 1430 1765 1480 1357 1550 1813 1818 1811 BCNSPRNW ULIB Ver.6.0+V

เปลี่ยนเป็นภาษาไทย

Change to English
 แสดงรายละเอียดบรรณานุกรม
  กลับหน้าหลัก

Brief Record : Get Marc (ISO 2709) : E-mail record : QR code < ปิดหน้าต่าง
LEADER : 00000nam 2200000uu 4500
001    13399124305
003     ULIB
008    150302s2557||||th 000 0 tha d
020    ^a9789740331766
060  4 ^aWB541^bส191ก
100 0  ^aสนธยา สีละมาด
245 10 ^aกิจกรรมทางกายเพื่อสุขภาวะ /^cสนธยา สีละมาด
246 0  ^aPhysical activities for wellness
250    ^aพิมพ์ครั้งที่ 1
260    ^aกรุงเทพฯ : ^bสำนักพิมพ์แห่งจุฬาลงกรณ์มหาวิทยาลัย,^c2557.
300    ^a436 หน้า : ^bภาพประกอบ
650  7 ^aการออกกำลังกาย
945    ^p270^l0^i22921
945    ^p270^l0^i22922
945    ^p270^l0^i22923
945    ^p270^l0^i22924
945    ^p270^l0^i22925
999    ^aทศพร เกษรทอง
รายการนี้ยังไม่มีแท็ก
คุณยังไม่ได้ล็อกอิน คุณสามารถมีกิจกรรมร่วมกับเว็บไซต์ได้ แต่ต้องล็อกอินก่อน ::
  ล็อกอิน

รายการสื่อสารสนเทศ

ลำดับที่ ประเภท เลขเรียก/บาร์โค้ด สถานที่ สถานะ
1. วิทยาศาสตร์การแพทย์ และสุขภาพ
วิทยาศาสตร์การแพทย์ และสุขภาพ
สถานะ=หนังสือเก่า
WB541 ส191ก ฉ.1 
  Barcode: 22921
ห้องสมุดวิทยาเขตนครสวรรค์
►ส่วนจัดเก็บหนังสือเก่า นว.
บนชั้น
  ขอยืม
2. วิทยาศาสตร์การแพทย์ และสุขภาพ
วิทยาศาสตร์การแพทย์ และสุขภาพ
สถานะ=หนังสือเก่า
WB541 ส191ก ฉ.2 
  Barcode: 22922
ห้องสมุดวิทยาเขตนครสวรรค์
►ส่วนจัดเก็บหนังสือเก่า นว.
บนชั้น
  ขอยืม
3. วิทยาศาสตร์การแพทย์ และสุขภาพ
วิทยาศาสตร์การแพทย์ และสุขภาพ
สถานะ=หนังสือเก่า
WB541 ส191ก ฉ.3 
  Barcode: 22923
ห้องสมุดวิทยาเขตนครสวรรค์
►ส่วนจัดเก็บหนังสือเก่า นว.
บนชั้น
  ขอยืม
4. วิทยาศาสตร์การแพทย์ และสุขภาพ
วิทยาศาสตร์การแพทย์ และสุขภาพ
สถานะ=หนังสือเก่า
WB541 ส191ก ฉ.4 
  Barcode: 22924
ห้องสมุดวิทยาเขตนครสวรรค์
►ส่วนจัดเก็บหนังสือเก่า นว.
บนชั้น
  ขอยืม
5. วิทยาศาสตร์การแพทย์ และสุขภาพ
วิทยาศาสตร์การแพทย์ และสุขภาพ
สถานะ=หนังสือเก่า
WB541 ส191ก ฉ.5 
  Barcode: 22925
ห้องสมุดวิทยาเขตนครสวรรค์
►ส่วนจัดเก็บหนังสือเก่า นว.
บนชั้น
  ขอยืม

รายการใกล้เคียง
    ผู้แต่ง [สนธยา สีละมาด]

    หัวเรื่อง [การออกกำลังกาย]

BibComment


ยังไม่เคยถูกคอมเมนท์

คอมเมนท์ทรัพยากรรายการนี้
  คอมเมนท์: กิจกรรมทางกายเพื..


 Copyright 2026. Bcnsprnw @Library